Change in stability of solid solution at radiation influence; Bulletin of the Tomsk Polytechnic University; Vol. 311, № 2
| Parent link: | Bulletin of the Tomsk Polytechnic University/ Tomsk Polytechnic University (TPU).— , 2006-2007 Vol. 311, № 2.— 2007.— [P. 128-130] |
|---|---|
| Altres autors: | , , , , |
| Sumari: | Заглавие с титульного листа Электронная версия печатной публикации Stability of solid solution at radiation influence has been investigated. Expressions for diffusion streams of binary alloy components, which specify the existence of temperature interval in which the phenomenon of ascending diffusion of elements is observed, were received. Vacancy characters of diffusion, configuration entropy, and potential energy of atomic bonds were considered at derivation. The ascending diffusion testifies to stability infringement of homogeneous solid solution - stratification. Influence of radiation is connected with increase in concentration of vacancies which changes the energy of atomic bonds and, simultaneously, accelerates diffusion processes. The condition of alloy stability with regard to stratification at radiating influence was obtained |
| Idioma: | anglès |
| Publicat: |
2007
|
| Col·lecció: | Mathematics and mechanics.Physics |
| Matèries: | |
| Accés en línia: | http://www.lib.tpu.ru/fulltext/v/Bulletin_TPU/2007/v311eng/i2/33.pdf |
| Format: | MixedMaterials Electrònic Capítol de llibre |
| KOHA link: | https://koha.lib.tpu.ru/cgi-bin/koha/opac-detail.pl?biblionumber=182955 |
MARC
| LEADER | 00000nla2a2200000 4500 | ||
|---|---|---|---|
| 001 | 182955 | ||
| 005 | 20231031171430.0 | ||
| 035 | |a (RuTPU)RU\TPU\book\198328 | ||
| 035 | |a RU\TPU\book\198123 | ||
| 090 | |a 182955 | ||
| 100 | |a 20100629d2007 k y0rusy50 ca | ||
| 101 | 1 | |a eng |c rus | |
| 102 | |a RU | ||
| 135 | |a drnn ---uucaa | ||
| 200 | 1 | |a Change in stability of solid solution at radiation influence |b Electronic resource |f V. L. Orlov [et al.] | |
| 203 | |a Text |c electronic | ||
| 215 | |a 1 файл (294 Кб) | ||
| 225 | 1 | |a Mathematics and mechanics.Physics | |
| 230 | |a Электронные текстовые данные (1 файл : 294 Кб) | ||
| 300 | |a Заглавие с титульного листа | ||
| 300 | |a Электронная версия печатной публикации | ||
| 320 | |a [Bibliography: p. 130 (4 titles)] | ||
| 330 | |a Stability of solid solution at radiation influence has been investigated. Expressions for diffusion streams of binary alloy components, which specify the existence of temperature interval in which the phenomenon of ascending diffusion of elements is observed, were received. Vacancy characters of diffusion, configuration entropy, and potential energy of atomic bonds were considered at derivation. The ascending diffusion testifies to stability infringement of homogeneous solid solution - stratification. Influence of radiation is connected with increase in concentration of vacancies which changes the energy of atomic bonds and, simultaneously, accelerates diffusion processes. The condition of alloy stability with regard to stratification at radiating influence was obtained | ||
| 337 | |a Adobe Reader | ||
| 461 | 1 | |0 (RuTPU)RU\TPU\book\169973 |t Bulletin of the Tomsk Polytechnic University |f Tomsk Polytechnic University (TPU) |d 2006-2007 | |
| 463 | 1 | |0 (RuTPU)RU\TPU\book\197892 |x 1684-8519 |t Vol. 311, № 2 |v [P. 128-130] |d 2007 |p 153 p. | |
| 610 | 1 | |a solid solution | |
| 610 | 1 | |a radiation influence | |
| 610 | 1 | |a diffusion streams | |
| 610 | 1 | |a components | |
| 610 | 1 | |a temperature interval | |
| 610 | 1 | |a ascending diffusion | |
| 610 | 1 | |a elements | |
| 610 | 1 | |a vacancy characters | |
| 610 | 1 | |a potential energy | |
| 610 | 1 | |a atomic bonds | |
| 610 | 1 | |a stability | |
| 610 | 1 | |a energy | |
| 610 | 1 | |a diffusion processes | |
| 610 | 1 | |a электронный ресурс | |
| 675 | |a 548.4;539.1 |v 3 | ||
| 701 | 1 | |a Orlov |b V. L. | |
| 701 | 1 | |a Orlov |b A. V. | |
| 701 | 1 | |a Leonov |b G. N. | |
| 701 | 1 | |a Kirsta |b Yu. B. | |
| 701 | 1 | |a Grebenkov |b A. A. | |
| 801 | 1 | |a RU |b 63413507 |c 20090623 |g PSBO | |
| 801 | 2 | |a RU |b 63413507 |c 20120418 |g PSBO | |
| 856 | 4 | |u http://www.lib.tpu.ru/fulltext/v/Bulletin_TPU/2007/v311eng/i2/33.pdf | |
| 942 | |c CF | ||